Seguridad pública.

Guardado en:
Detalles Bibliográficos
Autor principal: Pliego de Robles, Cecilia (autor)
Formato: Libro
Idioma:Español
Temas:
Etiquetas: Agrega una etiqueta
Sin etiquetas, Sé el primero en etiquetar este registro!

MARC

LEADER 00000nam^a2200000^u^4500
001 000534194
005 20250521000000.0
008 160603s10001000^^^^cr^^r^^^^^000^0^spa^d
009 20260310130949.548
035 |a FCE 000078442 
037 |a Acervo ITESO - Biblioteca 
041 |a spa 
082 0 4 |a 370.114  |b PLIse 
100 |a Pliego de Robles, Cecilia  |e (autor) 
245 1 0 |a Seguridad pública. 
264 |a México :  |b Proyecto Eti-k,  |c 1997. 
300 |a 40 p. 
336 |a texto  |b txt  |2 rdacontenido 
337 |a sin mediación  |b n  |2 rdamedio 
338 |a volumen  |b nc  |2 rdasoporte 
596 |a Programa Enseñanza Activa de Valores Éticos (EAVE) 
649 |a XX 
650 |a Valores éticos 
650 |a Enseñanza de valores 
650 |a Seguridad pública 
650 |a Valores cívicos 
650 |a Robles Vázquez, Luys Alberto. 
910 |a Fondo Centro de Estudios Educativos 
920 |a Impresos - Libros 
930 |a Fondos Especiales 
905 |a 133 
901 |a ALE075150  |b IT2  |c CEE  |u 20250521 
902 |a https://opac.biblio.iteso.mx/vufind/Record/000534194